| 000 | 00463nam a2200193Ia 4500 | ||
|---|---|---|---|
| 001 | 13486 | ||
| 003 | GE_BSU | ||
| 008 | 181216s||||||||xx |||||||||||||| ||und|| | ||
| 040 | _cGE_BSU | ||
| 100 | _aCarlyle,Thomas | ||
| 245 | _aEssays. Critical and Miscellaneous | ||
| 245 | _bIn Seven volumes vol.3 | ||
| 260 | _aLondon | ||
| 260 | _bChampan and Hall | ||
| 260 | _c1872 | ||
| 300 | _a256p.17cm. | ||
| 653 | _aEssays. Critical and Miscellaneous | ||
| 942 | _cBK | ||
| 999 |
_c46646 _d46646 |
||